MONEY MARKETS (Record no. 23595)

MARC details
000 -LEADER
fixed length control field 00339nam a2200133Ia 4500
008 - FIXED-LENGTH DATA ELEMENTS--GENERAL INFORMATION
fixed length control field 240624s9999 xx 000 0 und d
041 ## - LANGUAGE CODE
Language code of text/sound track or separate title eng
082 ## - DEWEY DECIMAL CLASSIFICATION NUMBER
Classification number 332.6323 COY
100 ## - MAIN ENTRY--PERSONAL NAME
Personal name COYLE BRIAN
245 ## - TITLE STATEMENT
Title MONEY MARKETS
260 ## - PUBLICATION, DISTRIBUTION, ETC.
Date of publication, distribution, etc. 2001
Place of publication, distribution, etc. United Kingdom
Name of publisher, distributor, etc. Financial World Publishing
300 ## - PHYSICAL DESCRIPTION
Extent 154 : p. : cm. ; 23
365 ## - TRADE PRICE
Currency code RS
Price amount 25
Holdings
Withdrawn status Lost status Damaged status Not for loan Home library Current library Shelving location Date acquired Source of acquisition Cost, normal purchase price Total Checkouts Total Renewals Full call number Barcode Date due Date last seen Date last checked out Copy number Price effective from Koha item type
        IMTN IMTN Rack 11-A 10/27/2014 BB 1295.00 1 2 332.6323 COY 23595 04/02/2025 02/01/2025 02/01/2025 1 06/24/2024 Books
Designed & Maintained by: LRC IMT Nagpur Contact: lrc@imtnag.ac.in© 2024. All Rights Reserved.